[Event "AUTO-MASTER-2183"]
[Site "http://www.queenalice.com/game.php?id=1319607"]
[Date "2014.11.1"]
[Round "1"]
[White "eric26"]
[Black "docb"]
[Result "1-0"]
[WhiteElo "2430"]
[BlackElo "2019"]

1. d4 d5 2. c4 e6 3. Nc3 Nf6 4. Bg5 Nbd7 5. e3 Be7 6. Nf3 a6 7. cxd5 Nxd5 8.
Bxe7 Nxe7 9. Bd3 c5 10. Bc2 O-O 11. Qd3 g6 12. dxc5 Nxc5 13. Qc4 b6 14. Rd1 Qc7
15. b4 Bb7 16. bxc5 Rac8 17. Be4 b5 18. Qb3 Bxe4 19. Nxe4 Nd5 20. O-O f5 21.
Neg5 Qe7 22. Nd4 Qxg5 23. Nxe6 Qh5 24. Nxf8 1-0

[Event "AUTO-MASTER-2183"]
[Site "http://www.queenalice.com/game.php?id=1319622"]
[Date "2014.11.1"]
[Round "1"]
[White "artegasparphb"]
[Black "eric26"]
[Result "0-1"]
[WhiteElo "2177"]
[BlackElo "2422"]

1. e4 c5 2. Bc4 e6 3. Nf3 a6 4. O-O b5 5. Be2 Bb7 6. d3 d6 7. b3 Nf6 8. Bb2 Nc6
9. Nbd2 Be7 10. h3 O-O 11. Nh2 d5 12. exd5 Nxd5 13. c4 Nf4 14. Ne4 Nb4 15. a3
Nbxd3 16. Bxd3 Nxd3 17. f3 Nxb2 18. Qc2 Qd4+ 0-1

[Event "AUTO-MASTER-2183"]
[Site "http://www.queenalice.com/game.php?id=1319623"]
[Date "2014.11.1"]
[Round "1"]
[White "eric26"]
[Black "artegasparphb"]
[Result "1-0"]
[WhiteElo "2299"]
[BlackElo "2192"]

1. Nf3 d5 2. g3 Nc6 3. d4 Nf6 4. Bg2 e6 5. O-O Ne4 6. Ne5 Bd6 7. Nxc6 bxc6 8. c4
O-O 9. Qa4 Bd7 10. c5 Be7 11. f3 Nf6 12. Qa5 Qb8 13. Nc3 a6 14. Bf4 Bd8 15. e4
1-0

[Event "AUTO-MASTER-2183"]
[Site "http://www.queenalice.com/game.php?id=1319634"]
[Date "2014.11.1"]
[Round "1"]
[White "eric26"]
[Black "pomar"]
[Result "1-0"]
[WhiteElo "2206"]
[BlackElo "2108"]

1. e4 e6 2. d4 d5 3. Nd2 c5 4. Ngf3 Qb6 5. Bd3 cxd4 6. exd5 exd5 7. O-O Nc6 8.
Nb3 Bc5 9. Re1+ Nge7 10. Ng5 h6 11. Qh5 Nd8 12. Nxc5 Qxc5 13. Bf4 g6 14. Qh4 Kf8
15. Be5 1-0

[Event "AUTO-MASTER-2183"]
[Site "http://www.queenalice.com/game.php?id=1319635"]
[Date "2014.11.1"]
[Round "1"]
[White "pomar"]
[Black "eric26"]
[Result "0-1"]
[WhiteElo "2134"]
[BlackElo "2273"]

1. f3 e5 2. Kf2 d5 3. e3 Nf6 4. c4 d4 5. d3 Nc6 6. g3 Nd7 7. Bh3 Nc5 8. e4 Bxh3
9. Nxh3 Nb4 10. f4 Nbxd3+ 11. Kf3 Qd7 12. Nf2 Qc6 13. Nd2 f5 14. Nxd3 fxe4+ 15.
Ke2 Nxd3 16. fxe5 Bb4 17. Nb3 O-O 18. Nxd4 Rf2+ 19. Ke3 Qh6+ 0-1

[Event "AUTO-ELITE-1426"]
[Site "http://www.queenalice.com/game.php?id=1329979"]
[Date "2014.12.23"]
[Round "1"]
[White "trompmaster"]
[Black "eric26"]
[Result "1-0"]
[WhiteElo "2461"]
[BlackElo "2480"]

1. Nf3 Nf6 2. d4 g6 3. Bf4 d6 4. e3 Nh5 5. Bg3 Nxg3 6. hxg3 Bg7 7. c3 Nd7 8.
Nbd2 O-O 9. Qb3 c6 10. g4 a5 11. g5 a4 12. Qa3 Re8 13. Be2 d5 14. c4 e5 15. dxe5
Nxe5 16. cxd5 Qxd5 17. Rh4 Nxf3+ 18. Nxf3 Be6 19. Kf1 b5 20. e4 Qd7 21. Rd1 Qe7
22. Qxe7 Rxe7 23. Nd4 Bxa2 24. Nxc6 Rc7 25. Nd4 Bxd4 26. Rxd4 Rc1+ 27. Rd1 Rc2
28. Bxb5 1-0

[Event "AUTO-ELITE-1426"]
[Site "http://www.queenalice.com/game.php?id=1329980"]
[Date "2014.12.23"]
[Round "1"]
[White "eric26"]
[Black "trompmaster"]
[Result "0-1"]
[WhiteElo "2284"]
[BlackElo "2459"]

1. e4 e5 2. Nf3 d6 3. d4 exd4 4. Nxd4 Nf6 5. Nc3 Be7 6. Bf4 Nc6 7. Qd2 Ne5 8.
O-O-O O-O 9. Be2 a6 10. Bg3 c5 11. Nf3 Qc7 12. Nxe5 dxe5 13. f4 exf4 14. Bxf4
Qa5 15. e5 Rd8 16. Qe3 Ne8 17. Rxd8 Bxd8 18. Bc4 Nc7 19. Qf3 Qb4 20. Bxf7+ Kxf7
21. Rf1 Bg4 22. Qxg4 Kg8 23. Qf3 Be7 24. Bd2 Qc4 25. b3 Qe6 26. Qxb7 Qxe5 27.
Re1 Qd6 28. Ne4 Qd4 29. Bc3 Qd7 30. Be5 Rc8 31. Rd1 Qf5 32. Bxc7 Rxc7 33. Qxc7
Qxe4 34. Qc8+ Kf7 0-1

[Event "AUTO-MASTER-2183"]
[Site "http://www.queenalice.com/game.php?id=1334052"]
[Date "2015.1.10"]
[Round "2"]
[White "eric26"]
[Black "toomchess"]
[Result "1-0"]
[WhiteElo "2484"]
[BlackElo "2178"]

1. e4 e5 2. Nf3 Nc6 3. Bb5 Bc5 4. c3 Qf6 5. d4 exd4 6. e5 Qg6 7. cxd4 Bb6 8. O-O
d5 9. exd6 cxd6 10. d5 a6 11. Ba4 Ne7 12. dxc6 O-O 13. Qb3 Bc5 14. cxb7 Rb8 15.
bxc8=N 1-0

[Event "AUTO-MASTER-2183"]
[Site "http://www.queenalice.com/game.php?id=1334053"]
[Date "2015.1.10"]
[Round "2"]
[White "toomchess"]
[Black "eric26"]
[Result "1-0"]
[WhiteElo "2195"]
[BlackElo "2468"]

1. e4 c5 2. Nf3 Nc6 3. d4 cxd4 4. Nxd4 e5 5. Nb5 d6 6. c4 Be7 7. N1c3 a6 8. Na3
f5 9. Bd3 f4 10. g3 Nf6 11. gxf4 exf4 12. Bxf4 O-O 13. Qd2 Nd4 14. O-O-O Nf3 15.
Qe3 Ng4 16. Qxf3 Rxf4 17. Qg3 Bh4 18. e5 Bxg3 19. hxg3 Rxf2 20. Bxh7+ Kf7 21.
Ne4 Qb6 22. Nxf2 Nxf2 23. Rhf1 Bh3 24. exd6 Bxf1 25. Rxf1 g6 26. Nc2 Kg7 27.
Bxg6 Kxg6 28. b4 1-0

[Event "AUTO-MASTER-2183"]
[Site "http://www.queenalice.com/game.php?id=1334054"]
[Date "2015.1.10"]
[Round "2"]
[White "eric26"]
[Black "straightbat"]
[Result "0-1"]
[WhiteElo "2435"]
[BlackElo "2340"]

1. e4 e6 2. d4 d5 3. Nc3 Bb4 4. e5 c5 5. a3 Bxc3+ 6. bxc3 Ne7 7. Qg4 Qc7 8. Qxg7
Rg8 9. Qxh7 cxd4 10. Ne2 Nbc6 11. f4 dxc3 12. Qd3 d4 13. Ng3 Bd7 14. Be2 Qb6 15.
O-O O-O-O 16. Ne4 Rg7 17. Be3 Nf5 18. Bf2 Nce7 19. Rfb1 Qc7 20. Nd6+ Nxd6 21.
exd6 Qxd6 22. Qxd4 Rxg2+ 23. Kxg2 Bc6+ 24. Bf3 Qxd4 25. Bxd4 Rxd4 26. Bxc6 Rd2+
27. Kg1 bxc6 28. Rf1 Nf5 29. Rf2 Rd4 0-1

[Event "AUTO-MASTER-2183"]
[Site "http://www.queenalice.com/game.php?id=1334055"]
[Date "2015.1.10"]
[Round "2"]
[White "straightbat"]
[Black "eric26"]
[Result "1-0"]
[WhiteElo "2355"]
[BlackElo "2425"]

1. c4 e5 2. Nc3 Nf6 3. Nf3 Nc6 4. e3 Be7 5. a3 O-O 6. Qc2 d6 7. b4 Re8 8. Bb2
Bf8 9. Bd3 g6 10. O-O Bg7 11. h3 a5 12. b5 Nb8 13. Be2 e4 14. Nd4 Nbd7 15. Rae1
Nc5 16. f4 Nfd7 17. Nd5 Nb6 18. Rb1 f5 19. g3 Bd7 20. Ba1 Nba4 21. h4 1-0

[Event "AUTO-ELITE-1469"]
[Site "http://www.queenalice.com/game.php?id=1349356"]
[Date "2015.3.23"]
[Round "1"]
[White "eric26"]
[Black "trotsky"]
[Result "0-1"]
[WhiteElo "2317"]
[BlackElo "2338"]

1. e4 c5 2. Nf3 d6 3. d4 cxd4 4. Nxd4 Nf6 5. Nc3 a6 6. Be3 g6 7. f3 Bg7 8. Qd2
O-O 9. O-O-O Qa5 10. Kb1 Nc6 11. g4 Nd7 12. h4 Nde5 13. Qf2 Nxd4 0-1

[Event "AUTO-ELITE-1469"]
[Site "http://www.queenalice.com/game.php?id=1349357"]
[Date "2015.3.23"]
[Round "1"]
[White "trotsky"]
[Black "eric26"]
[Result "1-0"]
[WhiteElo "2329"]
[BlackElo "2472"]

1. e4 e5 2. f4 exf4 3. Bc4 Nf6 4. Nc3 c6 5. e5 d5 6. exf6 dxc4 7. fxg7 Bxg7 8.
Qe2+ Be6 9. Nf3 Na6 10. O-O O-O 11. d3 cxd3 12. cxd3 1-0

[Event "AUTO-ELITE-1469"]
[Site "http://www.queenalice.com/game.php?id=1349359"]
[Date "2015.3.23"]
[Round "1"]
[White "rsgaspar"]
[Black "eric26"]
[Result "1-0"]
[WhiteElo "2344"]
[BlackElo "2455"]

1. d4 Nf6 2. c4 g6 3. Nc3 Bg7 4. e4 d6 5. Nf3 O-O 6. Be2 e5 7. dxe5 dxe5 8. Qxd8
Rxd8 9. Bg5 Na6 10. Nd5 Rd6 11. Bxf6 Bxf6 12. Nxf6+ 1-0

[Event "AUTO-OPEN-3330"]
[Site "http://www.queenalice.com/game.php?id=1350574"]
[Date "2015.3.29"]
[Round "2"]
[White "eric26"]
[Black "janeil"]
[Result "0-1"]
[WhiteElo "2277"]
[BlackElo "2471"]

1. e4 c5 2. Nf3 d6 3. d4 cxd4 4. Nxd4 Nf6 5. Nc3 a6 6. Bg5 e6 7. f4 Qb6 8. Qd2
Qxb2 9. Rb1 Qa3 10. e5 dxe5 11. fxe5 Nfd7 12. Ne4 h6 0-1

[Event "AUTO-OPEN-3330"]
[Site "http://www.queenalice.com/game.php?id=1350575"]
[Date "2015.3.29"]
[Round "2"]
[White "janeil"]
[Black "eric26"]
[Result "1-0"]
[WhiteElo "2475"]
[BlackElo "2271"]

1. e4 e5 2. Nf3 Nc6 3. Bb5 a6 4. Ba4 Nf6 5. O-O Be7 6. Re1 b5 7. Bb3 O-O 8. a4
b4 9. d4 d6 10. dxe5 dxe5 11. Nbd2 Bc5 12. Qe2 Qe7 13. h3 1-0